História & fábulas aplicadas a treinamento / (Record no. 1372)
[ view plain ]
| 000 -LÍDER | |
|---|---|
| Campo Fixo de Controle | 00891nam a2200289 a 4500 |
| 001 - NÚMERO DE CONTROLE | |
| Campo de Controle | 1372 |
| 003 - IDENTIFICAÇÃO DO NÚMERO DE CONTROLE | |
| Campo de Controle | BR-CuiBMT |
| 005 - DATA E HORA DA ÚLTIMA ATUALIZAÇÃO | |
| Campo de Controle | 20231206010849.0 |
| 008 - DADOS FIXOS | |
| Dados Fixos | 231124s2002 rjb 000 0 por d |
| 020 ## - INTERNATIONAL STANDARD BOOK NUMBER | |
| Nº do ISBN | 8573033746 |
| 040 ## - AGÊNCIA CATALOGADORA | |
| Código da Agência Catalogadora | BR-CuiBMT |
| Agência que transcreveu o registro | BR-CuiBMT |
| 080 ## - Nº DA CLASSIFICAÇÃO DECIMAL UNIVERSAL | |
| Nº edição CDU | 2007 |
| Nº Class. CDU | 316.454.7 |
| 090 ## - NÚMERO DE CHAMADA | |
| Nº classificação | 316.454.7 |
| Cutter | M644h |
| 100 1# - ENTRADA PRINCIPAL -- AUTOR PESSOAL | |
| Nome pessoal | Militão, Albigenor |
| 245 10 - TÍTULO PRINCIPAL | |
| Título principal | História & fábulas aplicadas a treinamento / |
| Indicação de responsabilidade | Albigenor Militão, Rose Militão. |
| 246 32 - FORMAS VARIANTES DO TÍTULO | |
| Título principal | História e fábulas aplicadas a treinamento. |
| 260 ## - PUBLICAÇÃO, DISTRIBUIÇÃO, ETC. | |
| Local de publicação | Rio de Janeiro : |
| Editora | Qualitymark, |
| Data | 2002. |
| 300 ## - DESCRIÇÃO FÍSICA | |
| N. páginas ou volumes | xv, 142 p. ; |
| Dimensões | 23 cm |
| 504 ## - NOTA DE BIBLIOGRAFIA, ETC. | |
| Nota de bibliografia | Inclui bibliografia. |
| 590 ## - NOTA LOCAL | |
| Nota local | A biblioteca possui 4. reimpr. 2007. |
| 650 ## - ASSUNTO TÓPICO | |
| Cabeçalho tópico ou nome geográfico | Dinâmica de grupo |
| 650 ## - ASSUNTO TÓPICO | |
| Cabeçalho tópico ou nome geográfico | Planejamento estratégico |
| 650 ## - ASSUNTO TÓPICO | |
| Cabeçalho tópico ou nome geográfico | Treinamento de pessoal |
| 650 ## - ASSUNTO TÓPICO | |
| Cabeçalho tópico ou nome geográfico | Gestão do conhecimento |
| 700 1# - ENTRADA SECUNDÁRIA -- NOME PESSOAL | |
| Nome pessoal | Militão, Rose |
| 942 ## - ELEMENTOS DE ENTRADA ADICIONAIS (KOHA) | |
| Fonte de classificação ou esquema de arquivamento | Classificação Decimal Universal |
| Tipo de item do Koha | Livros |
| Estado: removido | Estado: perdido | Fonte de classificação ou esquema de arquivamento | Estado: danificado | Indisponível para empréstimo | Localização permanente | Localização atual | Data de aquisição | Total Checkouts | Número de Chamada completo | Código de barras | Date last seen | Número do exemplar | Preço efetivo a partir de | Tipo de item (Koha) | Nota pública |
|---|---|---|---|---|---|---|---|---|---|---|---|---|---|---|---|
| Classificação Decimal Universal | Biblioteca da Escola Superior de Contas do TCE/MT | Biblioteca da Escola Superior de Contas do TCE/MT | 06/12/2023 | 316.454.7 M644h | BIBTCEMT23120252 | 06/12/2023 | Ex. 1 | 06/12/2023 | Livros | 4. reimpr. 2007 |